| 000 | 01361cam a22002895a 4500 | ||
|---|---|---|---|
| 005 | 20260514154116.0 | ||
| 008 | 230330s2023 xxk fo 000 0 eng d | ||
| 020 | _a 9781783214969 | ||
| 041 | 0 | _aeng | |
| 050 | 0 | 4 | _a333.332 |
| 110 | 2 |
_aRoyal Institution of Chartered Surveyors _94900 |
|
| 245 | 0 | 0 |
_aValuation of woodlands _h[Electronic resource] |
| 250 | _a2nd | ||
| 260 |
_aLondon, _bRoyal Institution of Chartered Surveyors, _cMarch 2023 |
||
| 300 |
_a48p _bill. _c30cm. |
||
| 490 | 0 | _aRICS Professional Standard | |
| 505 | 2 | _aEffective from 1 June 2023 | |
| 520 | _aThis professional standard outlines the bases of value that can be utilised depending on the purpose of the valuation. It also allows our professionals to maintain and enhance their specialist knowledge and ensure they are best placed to deliver on client demand to understand the value of woodland and forestry assets. This professional standard is applicable to the UK | ||
| 520 | _aReplaces 1st edition ISBN 9781842196229 | ||
| 520 | _aEffective from 1 June 2023 | ||
| 651 | 4 | _aUnited Kingdom | |
| 654 | _aForests | ||
| 654 | _aWoodlands | ||
| 690 |
_aValuation _96273 |
||
| 856 | 4 | 1 |
_uhttps://www.rics.org/content/dam/ricsglobal/documents/standards/Valuation%20of%20woodlands%20and%20forests%202nd%20edition_March%202023.pdf _zView free on RICS.org |
| 942 |
_n0 _2ddc |
||
| 999 |
_c121412 _d121412 |
||